000 00622nam a2200229Ia 4500
003 OSt
005 20220926021016.0
006 a|||||r|||| 00| 0
007 ta
008 220923b |||||||| |||| 00| 0 eng d
037 _cGeneral Book
040 _aRTL
_cRTL
_beng
041 _2eng
_aeng
082 _aX:87.46.N7, M0
100 _aMuna Farid A.
_9325584
245 0 _aArab executive
260 _aNew York
_bSt. Martin's Press U. S. A.
_c1980
300 _axv, 155p.
_ccm.
650 _aExecutive Management
942 _hX:87.46.N7, M0
_cGB
_2CC
999 _c635462
_d635462